000
00153nam a22000857a 4500
082
_a
823
100
_a
REENA PURI
245
_a
HANUMAN IS HUNGRY
942
_c
BK
999
_c
8435
_d
8435